000 00549nam a22001817a 4500
005 20140801115330.0
010 _aENG-109961
020 _a9789351431299
_c350.00
035 _aEN-93494
037 _bDBAD/PUB
082 _a364
100 _aKathpalia, Girish
245 _aCriminology and prison reforms /
_cby Girish Kathpalia
260 _aGurgaon
_bLexis Nexis
_c2014
270 _a14th Floor, Bldg No.10, Tower-B, DLF Cyber City, Phase-II
_bGurgaon
_e122002
300 _axix,262p.
_c24cm(pbk)
942 _2ddc
_cEN
_mKAT
_h364
999 _c84391
_d84391